| 000 | 00456nam a22001457a 4500 | ||
|---|---|---|---|
| 082 |
_a628.1 _bMOD _cL-tech, P-154 |
||
| 100 |
_aPaterson engg co limited _944256 |
||
| 245 |
_aModern water treatment plant _cPaterson engg co limited |
||
| 260 |
_aLondon _bPaterson engg company limited _c1932 |
||
| 300 |
_aiv, P-109 _bill |
||
| 526 |
_a0 _b0 _c0 _d628_100000000000000_MOD |
||
| 526 |
_a0 _b0 _c0 _d628_100000000000000_MOD |
||
| 650 |
_aMCE _9379 |
||
| 942 |
_2ddc _cBK |
||
| 999 |
_c548099 _d548099 |
||